header

Leveling the carbon playing field (Record no. 153970)

MARC details
000 -LEADER
fixed length control field 01627nam a2200361 a 4500
082 04 - DEWEY DECIMAL CLASSIFICATION NUMBER
Classification number 363.738/74526
245 00 - TITLE STATEMENT
Title Leveling the carbon playing field
260 ## - PUBLICATION, DISTRIBUTION, ETC. (IMPRINT)
Place of publication Washington, DC :
Name of publisher Peterson Institute for International Economics :
-- World Resources Institute,
Year of publication 2008.
300 ## - PHYSICAL DESCRIPTION
Number of Pages xxi, 95 p. :
Other physical details ill.
650 #0 - SUBJECT ADDED ENTRY--TOPICAL TERM
Topical Term Climatic changes
Topical Term Greenhouse gas mitigation
Topical Term Climatic changes
Topical Term Greenhouse gas mitigation
Topical Term Carbon taxes.
700 1# - ADDED ENTRY--PERSONAL NAME
Personal name Houser, Trevor.
856 40 - ELECTRONIC LOCATION AND ACCESS
Uniform Resource Identifier http://site.ebrary.com/lib/rucke/Doc?id=10231496

No items available.

© 2026 Rongo University
Contact us: librarian | system librarian | Rongo university